00730nam a22002177a 4500999001300000003000900013008004100022020001500063040007100078082002000149100002000169245002600189260002700215300004400242505011700286650002800403650001800431650002600449942001600475945002100491  c198d198AR-CdUCM190222b           ||||| |||| 00| 0 spa d  a8470760556  aMUNICIPALIDAD PROVINCIAL DEL CUSCOcBIBLIOTECA MUNICIPAL DEL CUSCO  a858.8 / bSA164  aSalgari, Emilio  aLa Campana de Plata /  aMadrid :bGahe,c1979.  a155 paginas ;b8 Ilustraciones.c20 cm.  aLas iluminaciones -- Un banquete Chino -- Una infame acusación -- Un extraño pajarraco -- La gran muralla...  aliteratura Europea9894  acampanas9895  aTemplos sagrados9896  2ddccLIBROS  awntsd2019-02-22